000 00988nam a22002777a 4500
005 20110721124143.0
008 110721t xxu||||| |||| 00| 0 eng d
010 _aENG-103088
020 _a9780071077323
_c595.00
020 _a0071077324
_c595.00
035 _aEN-86621
037 _bDBAD/PUB
040 _aDPL
_bEng
082 _a658.8120285574
100 _929762
_aBerson, Alex
245 _aMaster data management and data governance /
_cby Alex Berson [and] larry Dubov
260 _aNew Delhi
_bTata McGraw Hill
_c2011
270 _a7, West Petel Nagar
_bNew Delhi
_e110008
300 _axxxi,504p.
_c24cm (pbk)
500 _aIncludes bibliographical references and index
610 _929771
650 _929772
700 _929763
_aDubov, Larry
942 _2ddc
_cEN
_mBER
_h658.8120285574
999 _c54165
_d54165